| 000 | 00000nam##2200000za#4500 |
| 001 | 9.642504 |
| 003 | CaOODSP |
| 005 | 20231102100624 |
| 007 | cr ||||||||||| |
| 008 | 150407|2002||||xxc|||||o f|0| 0 fre|d |
| 040 | |aCaOODSP|bfre |
| 043 | |an-cn--- |
| 086 | 1 |aD74-5/2002F-PDF |
| 110 | 2 |aBureau de l'ombudsman de la Défense nationale et des Forces canadiennes. |
| 245 | 10|aRapport de suivi - examen du MDN et des FC relatives aux traumatismes liés au stress opérationnel / |h[ressource électronique]|c[par] André Marin, Ombudsman. |
| 260 | |aOttawa - Ontario : |bBureau de l'ombudsman de la Défense nationale et des Forces canadiennes |cDécembre 2002. |
| 300 | |a126p. |
| 500 | |aPlaignant: Christian McEachern. |
| 590 | |a13-23-Supp|b2013-10-08 |
| 775 | 08|tFollow-up report - Review of DND/CF actions on operational stress injuries / |w(CaOODSP)9.698497 |
| 856 | 40|ahttp://publications.gc.ca|qPDF|s532 Ko|uhttps://publications.gc.ca/collections/collection_2013/dn-nd/D74-5-2002-fra.pdf |